000 00686cab a2200217 4500
001 WB2547-23
008 090401t1989 xxu||||| |||| 00| 0 eng d
035 _a(Sirsi) u10389
041 _aeng
245 _aCorrection on maps
260 _c1989
350 _a0
490 _aTimes
_v27/11/89 p29
520 _aR v SoS for the Environment , ex parte Simms , R v Same, ex parte Burrows and another CA 23 November 1989. The Wildlife and Countryside Act 1981 s56 and s53 did permit corrections to be made on a definitive map . Appeal allowed.
650 _aBRIDLEWAY
650 _aFOOTPATH
650 _aHIGHWAYS
690 _aLAND SURVEYING
942 _n0
948 _c04/03/1997
999 _c6546
_d6546